00000000nam##2200000za#4500
0019.639300
003CaOODSP
00520210624222109
007cr |||||||||||
008150407|2007||||xxc|||||o    f|0| 0 fre|d
040 |aCaOODSP|bfre
043 |an-cn---
0861 |aE95-2/7-2007F-PDF
1101 |aCanada. |bCommission mixte internationale.
24510|aDeuxième sommaire des questions névralgiques liées à la qualité de l'air dans la région transfrontalière : |h[ressource électronique]|brapport du Conseil consultatif international sur la qualité de l'air
260 |bCommission mixte internationale |cDécembre 2007.
300 |a39p.|bcartes en couleur
500 |aL'ISBN (1-894280-74-1) de l'édition imprimée a été incorrectement copié dans la version PDF.
504 |aBibliographie.
590 |a12-30-Supp|b2012-06-28
69107|aGestion de l'environnement|2gcpds
69107|aPollution atmosphérique|2gcpds
69107|aQualité de l'air|2gcpds
77508|tSecond summary of critical air quality issues in the transboundary region : |w(CaOODSP)9.695157
85640|ahttp://publications.gc.ca|qPDF|s3399 Ko|uhttps://publications.gc.ca/collections/collection_2011/ijc/E95-2-7-2007-fra.pdf